000 00580cam a2200169 a 4500
020 _a0078812968 (pbk.) :
082 0 0 _a004
_bROB
_cDonation
100 1 _aRobinson, Phillip R.
_936536
245 1 0 _aUsing SideKick :
_bthe desktop organizer /
_cPhillip R. Robinson.
260 _aBerkeley, Calif., U.S.A. :
_bOsborne McGraw-Hill,
_cc1988.
300 _axiv, 395 p. :
_bill. ;
_c24 cm.
500 _aIncludes index.
526 _a0
_b0
_c0
_d004_000000000000000_ROB
650 0 _aBusiness
_xComputer programs.
_919731
650 0 _aOffice practice
_xAutomation.
_936537
942 _2ddc
_cBK
999 _c541573
_d541573